000 01019nam a2200313Ia 4500
001 Z_5279
003 CHAP
008 220113s2005 xx 000 0 und d
010 _a168343
040 _cCHAP
090 _aTesis G 1880
100 _aGómez Pérez, Dolores
_949857
245 _aEfecto del nivel de energía y proteína de la dieta en el consumo, cambios de peso y producción de leche de vacas Holstein en el periodo de transición /
_cDolores Gómez Pérez
260 _aChapingo, Méx. :
_bEl autor,
_c2005
300 _a67 h.
502 _aTesis (Maestro en Ciencias Esp. en Producción Animal) -- UACH. Departamento de Zootecnia
650 _aGanado Holstein
_945133
650 _aGanado lechero
_945237
650 _aGanado vacuno
_xPeso
_945504
650 _aLeche
_xProducción
_965400
650 _aNutrición animal
650 _aProteínas en nutrición animal
_992454
901 _aTESIS G 1880
902 _aM
910 _a2005
942 _c2
942 _c2
999 _c168343
_d168343